| 000 | 00605cam a2200229 a 4500 | ||
|---|---|---|---|
| 001 | 1897258 | ||
| 005 | 20180130034653.0 | ||
| 008 | 841010s1985 paua b 001 0 eng c | ||
| 010 | _a 84023399 | ||
| 020 | _a0397506600 | ||
| 040 |
_aDNLM/DLC _cDLC _dDLC |
||
| 041 | _aeng | ||
| 060 | _aWO 192 A579 | ||
| 080 | _a617.96 | ||
| 082 | 0 | 0 |
_a617.96 WET _219 |
| 100 | _a6 | ||
| 101 | _aANE | ||
| 245 | 0 | 0 |
_aAnesthesia for ambulatory surgery / _cedited by Bernard V. Wetchler. |
| 504 | _aIncludes bibliographies and index. | ||
| 906 |
_a7 _bcbc _corignew _d1 _eocip _f19 _gy-gencatlg |
||
| 942 |
_2ddc _cBK |
||
| 999 |
_c41227 _d41227 |
||